000 00543nam a2200193Ia 4500
005 20250508162618.0
008 008 250505s9999 xx 000 0 eng d
037 _aTextual
040 _aFEDL
_beng
_cFEDL
041 _aeng
_2eng
084 _a300.1, HEA
_qFEDL
100 _aHead Brian William
_9773588
245 0 _aIdeology and social science
260 _aBoston, USA
_bMartinus Nijhoff Publishers
_c1985
300 _avi,229p.
650 _aSocial Science
942 _cTEXL
_h300.1, HEA
999 _c1377637
_d1377637